| 000 | nam a22 4500 | ||
|---|---|---|---|
| 999 |
_c30189 _d30189 |
||
| 008 | 190411b xxu||||| |||| 00| 0 eng d | ||
| 020 | _a978-9966-10-334-5 | ||
| 040 | _aMksu | ||
| 050 |
_aBF 637 _b.C6W36 |
||
| 100 | _aWango, Geoffrey | ||
| 245 | _aCounselling psychology in Kenya: a contemporary review of the developing world/ | ||
| 260 |
_aNairobi : _bKLB _c2015 |
||
| 300 |
_a394 p. : _bill. ; _c20cm. |
||
| 650 |
_aCounseling _zKenya |
||
| 942 |
_2lcc _cAFRICANA _hBF 637.C6W36 |
||